| 000 | 01907nam a22003735a 4500 | ||
|---|---|---|---|
| 003 | EG-ScBUE | ||
| 005 | 20211205093104.0 | ||
| 008 | 151122s2008 ua a f 000 dbara d | ||
| 017 | _a2008 / 15018 | ||
| 020 | _a9772223023 | ||
| 040 |
_aEG-ScBUE _bara _erda _cEG-ScBUE _dEG-ScBUE |
||
| 041 | 1 |
_aara _beng _kurd _haze |
|
| 043 | _aa-aj--- | ||
| 082 | 0 | 4 |
_a894.3618309 _bب ا ي _222 |
| 100 | 1 |
_aبايلي، عيسى حبيب، _eمؤلف. _938776 |
|
| 240 | 1 | 0 |
_aGreat thinker of Azerbaijan : Jalil Mammadguluzadah. _lArabic |
| 245 | 1 | 0 |
_aجليل محمد قولو زاده : _bكاتب آذربيجان الوطني / _cتأليف أ. د. عيسى حبيب بايلي، رئيس جامعة نخجوان الحكومية، أذربيجان ؛ نقله من الأردية أ. د. جلال السعيد الحفناوي، أستاذ اللغة الأردية، كلية الآداب - جامعة القاهرة. |
| 264 | 1 |
_aالقاهرة : _bدار الثقافة العربية، _c2008. |
|
| 300 |
_a211، 38 صفحة : _bإيضاحيات ؛ _c23 سم |
||
| 336 |
_2rdacontent _aنص _btxt |
||
| 337 |
_2rdamedia _aبدون وسيط _bn |
||
| 338 |
_2rdacarrier _aمجلد _bnc |
||
| 541 |
_aDonation ; _cShahla - Azarbaijan. |
||
| 546 | _aالنص باللغة العربية مترجم من اللغة الأردية مترجم من اللغة الآذربيجانية التركية. | ||
| 600 | 1 | 7 |
_aزاده، جليل محمد قولو، _d1932-1869. _2BUEsh _938777 |
| 650 | 7 |
_aالأدباء الأذربيجانيين _vتراجم. _2BUEsh |
|
| 650 | 7 |
_aالأدب التركي _zأذربيجان. _2BUEsh _941806 |
|
| 650 | 7 |
_aالمسرحيات الآذربيجانية. _2BUEsh _934626 |
|
| 651 | _2BUEsh | ||
| 653 |
_bGGEN _cNovember2015 |
||
| 655 |
_vReading book _934232 |
||
| 700 | 1 |
_aالحفناوي، جلال السعيد، _eمترجم. _938778 |
|
| 942 |
_2ddc _k894.3618309 ب ا ي |
||
| 999 |
_c21067 _d21039 |
||